Oxygen therapy (Record no. 30756)

MARC details
000 -LEADER
fixed length control field 00549nam a2200217Ia 4500
008 - FIXED-LENGTH DATA ELEMENTS--GENERAL INFORMATION
fixed length control field 191130s2008##################000#0#eng##
020 ## - INTERNATIONAL STANDARD BOOK NUMBER
International Standard Book Number 9788184481976
040 ## - CATALOGING SOURCE
Original cataloging agency ACL
Transcribing agency ACL
082 ## - DEWEY DECIMAL CLASSIFICATION NUMBER
Classification number 615.221 JIN
100 ## - MAIN ENTRY--PERSONAL NAME
Personal name Jindal, Sk
245 ## - TITLE STATEMENT
Title Oxygen therapy
Statement of responsibility, etc. Jindal Ritesh Agarwal
250 ## - EDITION STATEMENT
Edition statement 2nd ed
260 ## - PUBLICATION, DISTRIBUTION, ETC.
Place of publication, distribution, etc. New Delhi
Name of publisher, distributor, etc. Jaypee
Date of publication, distribution, etc. 2008
300 ## - PHYSICAL DESCRIPTION
Extent xii,377p.
500 ## - GENERAL NOTE
General note Includes index
650 ## - SUBJECT ADDED ENTRY--TOPICAL TERM
Topical term or geographic name entry element Oxygen therapy
700 ## - ADDED ENTRY--PERSONAL NAME
Personal name Agarwal, Ritesh
990 ## - EQUIVALENCES OR CROSS-REFERENCES [LOCAL, CANADA]
Link information for 9XX fields 5a09378bac10000c62eb8e512ef4bade
991 ## -
-- 54402
Holdings
Withdrawn status Lost status Materials specified (bound volume or other part) Damaged status Not for loan Home library Current library Shelving location Date acquired Total Checkouts Full call number Barcode Date last seen Price effective from Koha item type
    pbk     Anna Centenary Library Anna Centenary Library 5TH FLOOR, B WING 09.10.2020   615.221 JIN 541881 09.10.2020 09.10.2020 English Books

Find us on the map